[Event "Caxambu Casa do Xadrez op"]
[Site "Caxambu"]
[Date "2022.07.24"]
[Round "5"]
[White "Martins de Aguiar, Marina"]
[Black "Barbosa, Fernando"]
[Result "0-1"]
[WhiteElo "1812"]
[BlackElo "2134"]
[PlyCount "76"]
[EventDate "2022.07.22"]
[EventType "swiss"]
[EventRounds "6"]
[EventCountry "BRA"]
[SourceTitle "CBM 209 Extra"]
[Source "ChessBase"]
[SourceDate "2022.09.30"]
[SourceVersion "1"]
[SourceVersionDate "2022.09.30"]
[SourceQuality "1"]

1. e4 d5 2. exd5 Nf6 3. d4 Bg4 4. Be2 Bxe2 5. Nxe2 Qxd5 6. 0-0 Nc6 7. c3 0-0-0 8. Qa4 e5 9. Na3 exd4 10. cxd4 Bd6 11. h3 Qh5 12. Nc3 a6 13. Nc4 Nxd4 14. Nxd6+ Rxd6 15. Bf4 Rd7 16. Rad1 Rhd8 17. Rde1 Nf3+ 18. gxf3 Rd4 19. Qc2 Rxf4 20. Re7 Nd7 21. Rfe1 Rxf3 22. Ne4 Rxh3 23. Ng3 Qf3 24. R1e3 Qd5 25. Rc3 c6 26. Rd3 Rh1+ 27. Nxh1 Qg5+ 28. Ng3 Qxe7 29. Re3 Qg5 30. Rc3 Ne5 31. Rc5 f6 32. Kg2 Qg4 33. Rc3 h5 34. Qf5+ Qxf5 35. Nxf5 g5 36. Ng7 h4 37. Re3 Rd2 38. Rb3 Nd3 0-1

[Event "Florianopolis op 5th"]
[Site "Florianopolis"]
[Date "2019.01.26"]
[Round "8"]
[White "Ichimura G Barbosa, Larissa Yuki"]
[Black "Barbosa, Fernando"]
[Result "1-0"]
[WhiteElo "1967"]
[BlackElo "2182"]
[PlyCount "73"]
[EventDate "2019.01.21"]
[EventType "swiss"]
[EventRounds "10"]
[EventCountry "BRA"]
[SourceTitle "CBM 188 Extra"]
[Source "ChessBase"]
[SourceDate "2019.02.26"]
[SourceVersion "1"]
[SourceVersionDate "2019.02.26"]
[SourceQuality "1"]

1. e4 d5 2. exd5 Nf6 3. c4 e6 4. dxe6 Bxe6 5. Nf3 Nc6 6. Be2 Bc5 7. 0-0 Qe7 8. d4 0-0-0 9. Be3 Rhe8 10. Qa4 Nxd4 11. Nxd4 Bxd4 12. Bxd4 Rxd4 13. Qxa7 c5 14. Nc3 Bd7 15. Bf3 Bc6 16. Bxc6 bxc6 17. Qa8+ Kd7 18. Qa7+ Kd6 19. Qb6 Kd7 20. b4 Rc8 21. bxc5 Qe6 22. Rad1 Rxd1 23. Rxd1+ Ke8 24. h3 Kf8 25. Rd8+ Rxd8 26. Qxd8+ Ne8 27. Qd4 Qe1+ 28. Kh2 h6 29. a4 Qa1 30. Qe5 Qa3 31. g3 Qb4 32. Qd4 Qa5 33. Kg2 Qb4 34. Ne4 Qxa4 35. Qd7 Qa8 36. Nd6 Nxd6 37. Qxd6+ 1-0

[Event "Florianopolis op 5th"]
[Site "Florianopolis"]
[Date "2019.01.23"]
[Round "4"]
[White "Molina, Roberto Junio Brito"]
[Black "Barbosa, Fernando"]
[Result "1/2-1/2"]
[WhiteElo "2458"]
[BlackElo "2182"]
[PlyCount "51"]
[EventDate "2019.01.21"]
[EventType "swiss"]
[EventRounds "10"]
[EventCountry "BRA"]
[SourceTitle "CBM 188 Extra"]
[Source "ChessBase"]
[SourceDate "2019.02.26"]
[SourceVersion "1"]
[SourceVersionDate "2019.02.26"]
[SourceQuality "1"]

1. Nf3 Nf6 2. g3 g6 3. Bg2 Bg7 4. 0-0 0-0 5. c4 d6 6. d4 a6 7. Nc3 Nc6 8. h3 Rb8 9. Bg5 h6 10. Be3 Bd7 11. Qd2 Kh7 12. Rac1 b5 13. cxb5 axb5 14. d5 Na5 15. b3 b4 16. Nb1 c5 17. dxc6 Bxc6 18. Nd4 Bxg2 19. Kxg2 Qd7 20. f3 e5 21. Nc2 Nc6 22. Rfd1 Rfd8 23. Bf2 d5 24. e3 Qb7 25. Qe2 Ne8 26. Ne1 1/2-1/2

[Event "Sao Paulo Interclubs Paulista"]
[Site "Sao Paulo"]
[Date "2017.03.04"]
[Round "1.2"]
[White "Shaaban, Sherine Ibrahim"]
[Black "Barbosa, Fernando"]
[Result "0-1"]
[WhiteElo "2062"]
[BlackElo "2149"]
[PlyCount "54"]
[EventDate "2017.03.04"]
[EventType "team-tourn"]
[EventRounds "7"]
[EventCountry "BRA"]
[SourceTitle "CBM 177 Extra"]
[Source "ChessBase"]
[SourceDate "2017.04.27"]
[SourceVersion "1"]
[SourceVersionDate "2017.04.27"]
[SourceQuality "1"]
[WhiteTeam "Hebraica"]
[BlackTeam "Circulo Militar"]
[WhiteTeamCountry "BRA"]
[BlackTeamCountry "BRA"]

1. d4 d5 2. c4 dxc4 3. Nc3 Nf6 4. e3 c5 5. Bxc4 e6 6. Nf3 a6 7. 0-0 Qc7 8. Be2 Nbd7 9. Qc2 b5 10. dxc5 Bxc5 11. a3 Bb7 12. b4 Be7 13. Bb2 Rc8 14. Rac1 0-0 15. Rfd1 Nb6 16. Nd4 Nc4 17. Bxc4 bxc4 18. b5 Ng4 19. g3 axb5 20. Ncxb5 Qc5 21. Qe2 Ne5 22. Bc3 Nd3 23. Rb1 Qd5 24. f3 e5 25. e4 Qc5 26. Bb4 Nxb4 27. axb4 Qb6 0-1

[Event "Sao Paulo Freitas Memorial"]
[Site "Sao Paulo"]
[Date "2015.10.11"]
[Round "3"]
[White "Deus Filho, Joaquim"]
[Black "Barbosa, Fernando"]
[Result "1/2-1/2"]
[WhiteElo "1906"]
[BlackElo "2215"]
[PlyCount "149"]
[EventDate "2015.10.10"]
[EventType "swiss"]
[EventRounds "6"]
[EventCountry "BRA"]
[SourceTitle "CBM 168 Extra"]
[Source "ChessBase"]
[SourceDate "2015.10.29"]
[SourceVersion "1"]
[SourceVersionDate "2015.10.29"]
[SourceQuality "1"]

1. e4 e6 2. d3 c5 3. f4 Nc6 4. Nf3 d5 5. Nbd2 Be7 6. g3 Nf6 7. Bg2 0-0 8. 0-0 b6 9. e5 Ng4 10. Qe2 Nh6 11. h3 Nf5 12. Kh2 f6 13. c3 fxe5 14. Nxe5 Nxe5 15. fxe5 Ba6 16. Nf3 Qe8 17. g4 Nh6 18. Rd1 Qg6 19. a4 Nf7 20. a5 h5 21. Kg3 hxg4 22. hxg4 Nh6 23. Bxh6 gxh6 24. Rd2 h5 25. Bh3 Bb7 26. a6 Bc6 27. d4 Kf7 28. Rg1 Ke8 29. Qe3 Kd7 30. Rf2 hxg4 31. Bxg4 Rh8 32. Rh2 Bb5 33. Qd2 Raf8 34. Rxh8 Rxh8 35. dxc5 bxc5 36. Qxd5+ Ke8 37. Qa8+ Bd8 38. Rd1 Bd7 39. Qxa7 Qh7 40. Qxc5 Bh4+ 41. Kg2 Qe4 42. Qd4 Qe2+ 43. Kg1 Bf2+ 44. Qxf2 Rh1+ 45. Kg2 Qxd1 46. a7 Bc6 47. b4 Rh7 48. Qc5 Qe2+ 49. Kg3 Bxf3 50. Qc8+ Kf7 51. Qxe6+ Kf8 52. Qc8+ Kg7 53. Qd7+ Kf8 54. Qxh7 Qg2+ 55. Kf4 Qxg4+ 56. Ke3 Bg2 57. Qh8+ Ke7 58. a8Q Qg3+ 59. Ke2 Bxa8 60. Qxa8 Qxc3 61. Qb8 Ke6 62. Qd6+ Kf5 63. Qf6+ Ke4 64. Qh4+ Kd5 65. Qh1+ Kd4 66. Qh4+ Kd5 67. Qf4 Qxe5+ 68. Qxe5+ Kxe5 69. Ke3 Kd5 70. Kd3 Kc6 71. Kc4 Kb6 72. b5 Kb7 73. Kc5 Kc7 74. b6+ Kb7 75. Kb5 1/2-1/2

[Event "Sao Paulo Cordioli Memorial"]
[Site "Sao Paulo"]
[Date "2015.09.06"]
[Round "4"]
[White "Barbosa, Fernando"]
[Black "Poeta, Caio Medeiros"]
[Result "1-0"]
[WhiteElo "2216"]
[BlackElo "1980"]
[PlyCount "83"]
[EventDate "2015.09.05"]
[EventType "swiss"]
[EventRounds "6"]
[EventCountry "BRA"]
[SourceTitle "EXT 2016"]
[Source "ChessBase"]
[SourceDate "2015.10.08"]
[SourceVersion "1"]
[SourceVersionDate "2015.10.08"]
[SourceQuality "1"]

1. e4 c6 2. d4 d5 3. exd5 cxd5 4. Bd3 Nf6 5. c3 Nc6 6. Bf4 Qb6 7. Qc2 g6 8. Nd2 Bg7 9. Ngf3 Bg4 10. Ne5 Nxe5 11. Bxe5 Rc8 12. h3 Bd7 13. 0-0 0-0 14. Qb3 Qc6 15. Qa3 Qb6 16. Nb3 Rfe8 17. Nc5 Bc6 18. Rfe1 e6 19. b4 a6 20. Qc1 Bb5 21. Bc2 Qc6 22. a4 Bc4 23. a5 Nd7 24. Bxg7 Kxg7 25. Qg5 Nxc5 26. bxc5 f6 27. Qg3 e5 28. Ba4 Bb5 29. Bxb5 axb5 30. Qd3 exd4 31. cxd4 Rxe1+ 32. Rxe1 Ra8 33. Re7+ Kg8 34. Qe3 Rf8 35. Qe6+ Qxe6 36. Rxe6 Ra8 37. Rb6 Rxa5 38. Rxb7 Ra1+ 39. Kh2 Rc1 40. Rxb5 Kg7 41. Rb7+ Kh6 42. Rd7 1-0

[Event "Sao Bernardo do Campo LXSBC op 2nd"]
[Site "Sao Bernardo do Campo"]
[Date "2015.07.25"]
[Round "4"]
[White "De Lima, Saulo da Silva Beze"]
[Black "Barbosa, Fernando"]
[Result "0-1"]
[WhiteElo "1999"]
[BlackElo "2184"]
[PlyCount "75"]
[EventDate "2015.07.24"]
[EventType "swiss"]
[EventRounds "6"]
[EventCountry "BRA"]
[SourceTitle "EXT 2016"]
[Source "ChessBase"]
[SourceDate "2015.10.08"]
[SourceVersion "1"]
[SourceVersionDate "2015.10.08"]
[SourceQuality "1"]

1. d4 Nf6 2. Nf3 g6 3. g3 Bg7 4. Bg2 d6 5. c4 Nc6 6. Nc3 a6 7. 0-0 0-0 8. a3 Bd7 9. b4 Qc8 10. Re1 Bh3 11. Bh1 Ng4 12. Bb2 Qf5 13. Nd5 Bh6 14. b5 axb5 15. e4 Qd7 16. cxb5 Na5 17. Qd3 Nf6 18. Nxf6+ exf6 19. d5 Bg7 20. Rac1 b6 21. Nd2 Nb7 22. Nb3 Ra4 23. Rc6 Rc8 24. f4 Qe8 25. Rec1 Nc5 26. Nxc5 bxc5 27. b6 cxb6 28. Rxd6 c4 29. Qe3 Bf8 30. Rxb6 c3 31. Rxc3 Rxc3 32. Qxc3 Rxe4 33. Re6 Qb5 34. Bg2 Bc5+ 35. Kh1 Bxg2+ 36. Kxg2 Qe2+ 37. Kh3 Qh5+ 38. Kg2 0-1

[Event "Curitiba Sul Regional-ch"]
[Site "Curitiba"]
[Date "2015.07.12"]
[Round "6"]
[White "Barbosa, Fernando"]
[Black "Martins, Anderson Donay"]
[Result "1-0"]
[WhiteElo "2184"]
[BlackElo "2013"]
[PlyCount "101"]
[EventDate "2015.07.10"]
[EventType "swiss"]
[EventRounds "6"]
[EventCountry "BRA"]
[SourceTitle "EXT 2016"]
[Source "ChessBase"]
[SourceDate "2015.10.08"]
[SourceVersion "1"]
[SourceVersionDate "2015.10.08"]
[SourceQuality "1"]

1. e4 c6 2. d3 d6 3. g3 Nf6 4. Bg2 e5 5. Nf3 Be7 6. b3 0-0 7. Bb2 a5 8. Nbd2 Re8 9. 0-0 Bf8 10. Re1 b5 11. d4 Nbd7 12. a4 Qb6 13. h3 Ba6 14. g4 g6 15. Nf1 Rad8 16. Ng3 h6 17. Qd2 b4 18. g5 hxg5 19. Qxg5 Nh7 20. Qd2 Bg7 21. h4 Ndf8 22. c3 c5 23. cxb4 cxb4 24. d5 Nd7 25. Qd1 Nc5 26. Bf1 Nf6 27. Bxa6 Qxa6 28. Bc1 Qc8 29. Ng5 Qg4 30. Rb1 Qxh4 31. Kg2 Qg4 32. f3 Qc8 33. Be3 Nfd7 34. Nh3 Qa6 35. Nf2 Rc8 36. Rh1 Kf8 37. Rh7 Nf6 38. Rh4 Ke7 39. Rc1 Nfd7 40. Rh7 Bf6 41. f4 exf4 42. Bxf4 Ne5 43. Bxe5 Bxe5 44. Qf3 Rf8 45. Ne2 Rc7 46. Nf4 Bxf4 47. Qxf4 Qc8 48. e5 Nb7 49. Qf6+ Ke8 50. exd6 Nxd6 51. Re1+ 1-0

[Event "Curitiba Sul Regional-ch"]
[Site "Curitiba"]
[Date "2015.07.11"]
[Round "4"]
[White "Barbosa, Fernando"]
[Black "Moura de Lima, Wilian Rither De"]
[Result "1/2-1/2"]
[WhiteElo "2184"]
[BlackElo "1940"]
[PlyCount "99"]
[EventDate "2015.07.10"]
[EventType "swiss"]
[EventRounds "6"]
[EventCountry "BRA"]
[SourceTitle "EXT 2016"]
[Source "ChessBase"]
[SourceDate "2015.10.08"]
[SourceVersion "1"]
[SourceVersionDate "2015.10.08"]
[SourceQuality "1"]

1. e4 c6 2. d3 d5 3. Nd2 e5 4. Ngf3 Bg4 5. c3 Nd7 6. h3 Bxf3 7. Nxf3 Ngf6 8. Qc2 Bd6 9. Bg5 h6 10. Bh4 g5 11. Bg3 Nh5 12. 0-0-0 Nxg3 13. fxg3 Qb6 14. d4 0-0-0 15. exd5 cxd5 16. dxe5 Nxe5 17. Rxd5 Nxf3 18. Qf5+ Kb8 19. Qxf3 Rhe8 20. Bc4 Qe3+ 21. Qxe3 Rxe3 22. Rf5 Bxg3 23. Rd1 Rxd1+ 24. Kxd1 Re4 25. Be2 Rf4 26. Rb5 Rf6 27. b3 Rd6+ 28. Kc2 Rb6 29. Rf5 f6 30. a4 Be5 31. Bf3 a5 32. Bd5 Rd6 33. c4 Kc7 34. h4 Kb6 35. hxg5 hxg5 36. Kd3 Kc5 37. Ke4 Rb6 38. Rf3 Rb4 39. Rd3 Rb6 40. Kf5 Rd6 41. g4 b6 42. Ke4 Rd8 43. Rh3 Rd7 44. Kf5 Rd8 45. Rh7 Kb4 46. Rh3 Kc5 47. Ke6 Re8+ 48. Kd7 Rf8 49. Ke6 Rb8 50. Kf5 1/2-1/2

[Event "Baeta Neves op"]
[Site "Baeta Neves"]
[Date "2015.05.23"]
[Round "3"]
[White "Barbosa, Fernando"]
[Black "Pinto, Rendrex Lopes"]
[Result "0-1"]
[WhiteElo "2182"]
[BlackElo "2072"]
[PlyCount "60"]
[EventDate "2015.05.22"]
[EventType "swiss"]
[EventRounds "6"]
[EventCountry "BRA"]
[SourceTitle "CBM 166 Extra"]
[Source "ChessBase"]
[SourceDate "2015.06.18"]
[SourceVersion "1"]
[SourceVersionDate "2015.06.18"]
[SourceQuality "1"]

1. d4 f5 2. c4 Nf6 3. Nc3 g6 4. h4 Bg7 5. e4 d6 6. Bd3 e5 7. dxe5 dxe5 8. h5 f4 9. hxg6 hxg6 10. Rxh8+ Bxh8 11. g3 fxg3 12. fxg3 Bg4 13. Qd2 Nc6 14. Nd5 Qd7 15. Qh6 0-0-0 16. Bg5 Bh5 17. Bh4 Qd6 18. Be2 Nb4 19. 0-0-0 Nbxd5 20. Rxd5 Nxd5 21. Bxd8 Qxd8 22. cxd5 Bf6 23. Kc2 Bg5 24. Qg7 Bxe2 25. Nxe2 Qe8 26. Ng1 Qa4+ 27. Kc3 Qd4+ 28. Kb3 Qd3+ 29. Ka4 Qxe4+ 30. b4 Qc2+ 0-1

[Event "Baeta Neves op"]
[Site "Baeta Neves"]
[Date "2015.05.22"]
[Round "1"]
[White "Barbosa, Fernando"]
[Black "Jose, Anderson Willians"]
[Result "1-0"]
[WhiteElo "2182"]
[BlackElo "1618"]
[PlyCount "59"]
[EventDate "2015.05.22"]
[EventType "swiss"]
[EventRounds "6"]
[EventCountry "BRA"]
[SourceTitle "CBM 166 Extra"]
[Source "ChessBase"]
[SourceDate "2015.06.18"]
[SourceVersion "1"]
[SourceVersionDate "2015.06.18"]
[SourceQuality "1"]

1. e4 c5 2. Nf3 d6 3. d3 g6 4. g3 Bg7 5. Bg2 Nf6 6. Nbd2 Nbd7 7. h4 b5 8. e5 Nh5 9. Ng5 Rb8 10. e6 fxe6 11. Nxe6 Qa5 12. Nxg7+ Nxg7 13. 0-0 Bb7 14. Ne4 Nf6 15. Nxf6+ exf6 16. Bxb7 Rxb7 17. Qf3 Rf7 18. Qc6+ Rd7 19. Bf4 Qc7 20. Rfe1+ Kd8 21. Qxb5 Nh5 22. Bd2 Kc8 23. Re6 Rf7 24. Rae1 Ng7 25. Qa6+ Kd7 26. Qa4+ Kc8 27. R6e4 h6 28. d4 d5 29. Bf4 Qb7 30. Re8+ 1-0

[Event "Sao Bernardo do Campo-ch"]
[Site "Sao Bernardo do Campo"]
[Date "2015.01.31"]
[Round "6"]
[White "Barbosa, Fernando"]
[Black "Pires, Marcos Vinicius Tor"]
[Result "1-0"]
[WhiteElo "2158"]
[BlackElo "2274"]
[PlyCount "93"]
[EventDate "2015.01.24"]
[EventType "tourn"]
[EventRounds "9"]
[EventCountry "BRA"]
[SourceTitle "CBM 164 Extra"]
[Source "ChessBase"]
[SourceDate "2015.03.02"]
[SourceVersion "1"]
[SourceVersionDate "2015.03.02"]
[SourceQuality "1"]

1. e4 e5 2. Nf3 Nc6 3. Bc4 Nf6 4. Nc3 Bc5 5. d3 d6 6. Bg5 h6 7. Bxf6 Qxf6 8. Nd5 Qd8 9. c3 Ne7 10. b4 Bb6 11. a4 Nxd5 12. Bxd5 c6 13. Bb3 a6 14. h3 0-0 15. 0-0 Kh8 16. d4 f5 17. exf5 e4 18. Nh2 Bxf5 19. Ng4 Qg5 20. Kh1 Bxg4 21. Qxg4 Qxg4 22. hxg4 Rf4 23. Bd1 Raf8 24. Ra2 a5 25. bxa5 Bxa5 26. Rc2 d5 27. g3 R4f7 28. Kg2 Bb6 29. Rb2 Ba7 30. f4 Rd8 31. Rh1 Kg8 32. Rh5 Re7 33. g5 hxg5 34. Rxg5 Rd6 35. Bg4 c5 36. dxc5 Bxc5 37. Rb5 b6 38. a5 d4 39. cxd4 Bxd4 40. Rgd5 Rxd5 41. Rxd5 Be3 42. a6 Bc5 43. Kf1 e3 44. Ke2 Rc7 45. Bf3 b5 46. Rxc5 Rxc5 47. a7 1-0

[Event "Sao Bernardo do Campo-ch"]
[Site "Sao Bernardo do Campo"]
[Date "2015.01.30"]
[Round "5"]
[White "Rodrigues, Leonardo De Miranda"]
[Black "Barbosa, Fernando"]
[Result "1-0"]
[WhiteElo "2155"]
[BlackElo "2158"]
[PlyCount "55"]
[EventDate "2015.01.24"]
[EventType "tourn"]
[EventRounds "9"]
[EventCountry "BRA"]
[SourceTitle "CBM 164 Extra"]
[Source "ChessBase"]
[SourceDate "2015.03.02"]
[SourceVersion "1"]
[SourceVersionDate "2015.03.02"]
[SourceQuality "1"]

1. e4 e6 2. d4 d5 3. Nc3 Bb4 4. Nge2 Nf6 5. Bg5 dxe4 6. a3 Be7 7. Bxf6 Bxf6 8. Nxe4 Bd7 9. g3 Bc6 10. Bg2 0-0 11. Qd3 Be7 12. f3 Nd7 13. 0-0-0 b5 14. h4 a5 15. f4 Bd5 16. Ng5 Nf6 17. Bxd5 exd5 18. g4 Qd7 19. Ng3 Qxg4 20. Nf5 Bd6 21. Rhg1 Qh5 22. Nh3 Ng4 23. Rxg4 Qxg4 24. Rg1 Bxf4+ 25. Kb1 Qxg1+ 26. Nxg1 Rae8 27. Nh3 Re1+ 28. Ka2 1-0

[Event "Sao Bernardo do Campo-ch"]
[Site "Sao Bernardo do Campo"]
[Date "2015.01.25"]
[Round "4"]
[White "Barbosa, Fernando"]
[Black "Zampronha, Wladimir Camilo"]
[Result "1/2-1/2"]
[WhiteElo "2158"]
[BlackElo "2176"]
[PlyCount "37"]
[EventDate "2015.01.24"]
[EventType "tourn"]
[EventRounds "9"]
[EventCountry "BRA"]
[SourceTitle "CBM 164 Extra"]
[Source "ChessBase"]
[SourceDate "2015.03.02"]
[SourceVersion "1"]
[SourceVersionDate "2015.03.02"]
[SourceQuality "1"]

1. e4 c5 2. Nf3 e6 3. d4 cxd4 4. Nxd4 Nc6 5. Nc3 Qc7 6. Be3 a6 7. Bd3 Nf6 8. 0-0 Ne5 9. h3 d6 10. Qe2 Be7 11. f4 Ng6 12. a4 0-0 13. a5 e5 14. fxe5 dxe5 15. Nf5 Bxf5 16. exf5 Nf4 17. Bxf4 exf4 18. Qf3 Bd6 19. Ne4 1/2-1/2

[Event "Sao Bernardo do Campo LXSBC fin-A 5th"]
[Site "Sao Bernardo do Campo"]
[Date "2014.01.25"]
[Round "7"]
[White "Barbosa, Fernando"]
[Black "Batista, Renato Luiz"]
[Result "1/2-1/2"]
[WhiteElo "2128"]
[BlackElo "2137"]
[PlyCount "39"]
[EventDate "2014.01.18"]
[EventType "tourn"]
[EventRounds "9"]
[EventCountry "BRA"]
[SourceTitle "CBM 158 Extra"]
[Source "ChessBase"]
[SourceDate "2014.02.28"]
[SourceVersion "1"]
[SourceVersionDate "2014.02.28"]
[SourceQuality "1"]

1. e4 c5 2. Nf3 d6 3. d4 cxd4 4. Qxd4 Nc6 5. Bb5 Bd7 6. Bxc6 Bxc6 7. Nc3 e6 8. Bg5 Nf6 9. 0-0-0 Be7 10. Kb1 Qa5 11. h3 0-0-0 12. Rhe1 h6 13. Bd2 Qc5 14. Qxc5 dxc5 15. Ne5 Be8 16. Be3 Nd7 17. Nc4 Nb6 18. Rxd8+ Kxd8 19. Rd1+ Kc8 20. Ne5 1/2-1/2

[Event "Sao Bernardo do Campo LXSBC fin-A 5th"]
[Site "Sao Bernardo do Campo"]
[Date "2014.01.24"]
[Round "5"]
[White "Barbosa, Fernando"]
[Black "Garkauskas, Otto Dmitry"]
[Result "1/2-1/2"]
[WhiteElo "2128"]
[BlackElo "2132"]
[PlyCount "155"]
[EventDate "2014.01.18"]
[EventType "tourn"]
[EventRounds "9"]
[EventCountry "BRA"]
[SourceTitle "CBM 158 Extra"]
[Source "ChessBase"]
[SourceDate "2014.02.28"]
[SourceVersion "1"]
[SourceVersionDate "2014.02.28"]
[SourceQuality "1"]

1. d4 d5 2. Nf3 Nf6 3. c4 c6 4. e3 g6 5. Nc3 Bg7 6. Be2 e6 7. 0-0 0-0 8. b3 Nbd7 9. Ba3 Re8 10. Bd6 b6 11. h3 Bb7 12. cxd5 exd5 13. Rc1 Rc8 14. Rc2 Ne4 15. Nxe4 dxe4 16. Nh2 b5 17. Bg4 f5 18. Be2 Nf6 19. Be5 Rxe5 20. dxe5 Nd5 21. Qc1 Bxe5 22. Rd1 Rc7 23. f4 Bd6 24. a4 a6 25. axb5 axb5 26. Nf1 Qe7 27. g3 Ba3 28. Qa1 Bc5 29. Kf2 Bb6 30. h4 h6 31. Rxd5 cxd5 32. Rxc7 Qxc7 33. Qf6 Qc6 34. Qe5 h5 35. b4 Kf7 36. Nd2 d4 37. Bxb5 dxe3+ 38. Ke2 Ba6 39. Bxa6 exd2 40. Kxd2 e3+ 41. Kd3 Qd7+ 42. Kc4 Qd2 43. Qd5+ Qxd5+ 44. Kxd5 e2 45. Bxe2 Bf2 46. b5 Bxg3 47. Ke5 Bxh4 48. b6 Bd8 49. Bxh5 Bxb6 50. Be2 Bc7+ 51. Kd4 Bxf4 52. Bc4+ Kf6 53. Kd3 g5 54. Ke2 g4 55. Kf2 Bc7 56. Bd5 Ke5 57. Bb7 Bd8 58. Kg3 Bg5 59. Bc6 Bd2 60. Kf2 Kf4 61. Bb7 Kg5 62. Kg2 Kh4 63. Bc6 Bc1 64. Bb7 Bf4 65. Bc6 Bd6 66. Bb7 Kg5 67. Bc8 Kf4 68. Bd7 Ke4 69. Bc8 Ke5 70. Bd7 Bc7 71. Bc8 Kf6 72. Bd7 Kg5 73. Bc6 f4 74. Bb7 Kf6 75. Ba8 Ke5 76. Bb7 Kd4 77. Bc8 f3+ 78. Kf2 1/2-1/2

[Event "Sao Bernardo do Campo LXSBC fin-A 5th"]
[Site "Sao Bernardo do Campo"]
[Date "2014.01.19"]
[Round "3"]
[White "Barbosa, Fernando"]
[Black "Mandetta, Joao Danilo"]
[Result "1-0"]
[WhiteElo "2128"]
[BlackElo "2194"]
[PlyCount "95"]
[EventDate "2014.01.18"]
[EventType "tourn"]
[EventRounds "9"]
[EventCountry "BRA"]
[SourceTitle "CBM 158 Extra"]
[Source "ChessBase"]
[SourceDate "2014.02.28"]
[SourceVersion "1"]
[SourceVersionDate "2014.02.28"]
[SourceQuality "1"]

1. e4 c5 2. Nf3 e6 3. d4 cxd4 4. Nxd4 Nc6 5. Nc3 d6 6. Be3 Nf6 7. f3 Be7 8. Qd2 a6 9. 0-0-0 0-0 10. g4 Nxd4 11. Qxd4 b5 12. g5 Nd7 13. Kb1 Bb7 14. h4 Rc8 15. h5 Bxg5 16. Bxg5 Qxg5 17. h6 Ne5 18. hxg7 Rfd8 19. Be2 Ng6 20. Qb6 Bc6 21. Qxa6 b4 22. Nb5 Bxb5 23. Qxb5 Qc5 24. Qxc5 dxc5 25. Rxd8+ Rxd8 26. a4 bxa3 27. bxa3 Nf4 28. Bb5 Kxg7 29. a4 Ra8 30. e5 Ra7 31. Kb2 f6 32. Kb3 fxe5 33. Kc4 Rc7 34. a5 h5 35. Be8 Kh6 36. Kb5 Kg5 37. Bc6 h4 38. Rg1+ Kf5 39. a6 h3 40. Kb6 Rc8 41. c4 Ng2 42. a7 Kg5 43. a8Q Rxa8 44. Bxa8 Kf4 45. Kxc5 h2 46. Rh1 Kg3 47. Kd6 Nf4 48. Kxe5 1-0